header

ASAP 2002 (Record no. 222785)

MARC details
000 -LEADER
fixed length control field 01812nam a2200373Ia 4500
245 10 - TITLE STATEMENT
Title ASAP 2002
260 ## - PUBLICATION, DISTRIBUTION, ETC. (IMPRINT)
Place of publication Singapore ;
-- River Edge, N.J. :
Name of publisher World Scientific,
Year of publication c2002.
300 ## - PHYSICAL DESCRIPTION
Number of Pages xvi, 246 p. :
Other physical details ill.
500 ## - GENERAL NOTE
General note The Workshop on Astrophysics, Symmetries, and Applied Physics at Spallation Neutron Sources was held at the Oak Ridge National Laboratory, Mar. 2002.
650 #0 - SUBJECT ADDED ENTRY--TOPICAL TERM
Topical Term Nuclear astrophysics
Topical Term Nuclear physics
Topical Term Spallation (Nuclear physics)
Topical Term Neutron sources
700 1# - ADDED ENTRY--PERSONAL NAME
Personal name Koehler, Paul E.
856 40 - ELECTRONIC LOCATION AND ACCESS
Uniform Resource Identifier http://site.ebrary.com/lib/rucke/Doc?id=10201298

No items available.

© 2026 Rongo University
Contact us: librarian | system librarian | Rongo university